[Event "Fuerstenfeld U18 op 6th"]
[Site "Fuerstenfeld"]
[Date "2023.07.22"]
[Round "4"]
[White "Fidan, Naz Mercan"]
[Black "Prober, Raphael"]
[Result "1/2-1/2"]
[WhiteElo "1053"]
[BlackElo "1489"]
[PlyCount "74"]
[EventDate "2023.07.20"]
[EventType "swiss"]
[EventRounds "7"]
[EventCountry "AUT"]
[SourceTitle "CBM 215 Extra"]
[Source "ChessBase"]
[SourceDate "2023.09.30"]
[SourceVersion "1"]
[SourceVersionDate "2023.09.30"]
[SourceQuality "1"]

1. c4 e5 2. g3 Nf6 3. Bg2 d5 4. cxd5 Nxd5 5. Qb3 Nb6 6. Nc3 Nc6 7. d3 Be6 8. Qd1 Be7 9. Nf3 0-0 10. a3 a5 11. 0-0 a4 12. Be3 Bb3 13. Qd2 Nd5 14. Nxd5 Bxd5 15. Rac1 Na5 16. Qc3 Nb3 17. Rcd1 Bf6 18. Qb4 Re8 19. Nd2 Bxg2 20. Kxg2 Qd5+ 21. Kg1 Nd4 22. Bxd4 exd4 23. Ne4 Be7 24. Qd2 h6 25. Qc1 c6 26. Rfe1 f5 27. Nd2 Bg5 28. Qc4 Qxc4 29. Nxc4 Re6 30. Nd2 Rae8 31. Kf1 f4 32. Nf3 fxg3 33. hxg3 Bf6 34. Rd2 Kf7 35. Rc1 Bg5 36. Nxg5+ hxg5 37. Rc4 Rd6 1/2-1/2

[Event "Fuerstenfeld U18 op 6th"]
[Site "Fuerstenfeld"]
[Date "2023.07.21"]
[Round "3"]
[White "Prober, Raphael"]
[Black "Leitgeb, Julian"]
[Result "0-1"]
[WhiteElo "1489"]
[BlackElo "2198"]
[PlyCount "74"]
[EventDate "2023.07.20"]
[EventType "swiss"]
[EventRounds "7"]
[EventCountry "AUT"]
[SourceTitle "CBM 215 Extra"]
[Source "ChessBase"]
[SourceDate "2023.09.30"]
[SourceVersion "1"]
[SourceVersionDate "2023.09.30"]
[SourceQuality "1"]

1. d4 Nf6 2. c4 e6 3. g3 d5 4. Bg2 dxc4 5. Nf3 a6 6. 0-0 Nc6 7. Nc3 Be7 8. Qa4 Bd7 9. Qxc4 b5 10. Qb3 Na5 11. Qc2 Bc6 12. a3 0-0 13. e4 Bb7 14. Bf4 Nh5 15. Be3 Nc4 16. Bc1 Nf6 17. b3 Nb6 18. Rd1 Nfd7 19. Be3 Rc8 20. a4 b4 21. Ne2 c5 22. a5 cxd4 23. Qd3 dxe3 24. axb6 exf2+ 25. Kxf2 Qxb6+ 26. Kf1 Nc5 27. Qe3 Bxe4 28. Rac1 Bc6 29. Ned4 Bd5 30. Nf5 Bf6 31. Rxd5 exd5 32. N3d4 Ne6 33. Rd1 Nxd4 34. Nxd4 Bxd4 35. Rxd4 Qf6+ 36. Bf3 Rfe8 37. Qf2 Rc2 0-1

[Event "AUT-ch U14"]
[Site "St Veit"]
[Date "2023.06.10"]
[Round "5"]
[White "Guba, Viktor"]
[Black "Prober, Raphael"]
[Result "1-0"]
[WhiteElo "1822"]
[BlackElo "1144"]
[PlyCount "83"]
[EventDate "2023.06.08"]
[EventType "swiss"]
[EventRounds "7"]
[EventCountry "AUT"]
[SourceTitle "EXT 2024"]
[Source "ChessBase"]
[SourceDate "2023.10.10"]
[SourceVersion "1"]
[SourceVersionDate "2023.10.10"]
[SourceQuality "1"]

1. e4 c5 2. Nf3 e6 3. d4 cxd4 4. Nxd4 Nf6 5. Nc3 Nc6 6. a3 d6 7. Be2 Be7 8. Be3 0-0 9. 0-0 a6 10. f3 Nxd4 11. Bxd4 d5 12. e5 Nd7 13. f4 Bc5 14. Bxc5 Nxc5 15. Kh1 b5 16. b4 Nd7 17. Bd3 f5 18. Ne2 Bb7 19. Nd4 Qb6 20. c3 Rac8 21. Qd2 Rfe8 22. a4 Bc6 23. axb5 Bxb5 24. Bxb5 axb5 25. Ra5 Ra8 26. Rxb5 Qa6 27. Rd1 Qa1 28. h3 Qa4 29. Qc2 Qxc2 30. Nxc2 Rec8 31. Nd4 Nf8 32. Rc1 Rc4 33. Rc5 Rxc5 34. bxc5 Rc8 35. c6 Kf7 36. c4 dxc4 37. Rxc4 Ke7 38. Nb5 Nd7 39. Nd6 Nb6 40. Nxc8+ Nxc8 41. Rd4 Nb6 42. c7 1-0